[Event "Porticcio op 4th"]
[Site "Porticcio"]
[Date "2017.07.02"]
[Round "1"]
[White "Maze, Sebastien"]
[Black "Ben Abed, Mehdi"]
[Result "1-0"]
[WhiteElo "2614"]
[BlackElo "2128"]
[PlyCount "75"]
[EventDate "2017.07.02"]
[EventType "swiss"]
[EventRounds "9"]
[EventCountry "FRA"]
[SourceTitle "CBM 179 Extra"]
[Source "ChessBase"]
[SourceDate "2017.08.23"]
[SourceVersion "1"]
[SourceVersionDate "2017.08.23"]
[SourceQuality "1"]

1. e4 e6 2. d4 d5 3. Nc3 Nf6 4. Bg5 dxe4 5. Nxe4 Be7 6. Bxf6 gxf6 7. Qd2 b6 8. 0-0-0 Bb7 9. Nc3 c6 10. f4 f5 11. Nf3 Nd7 12. g3 Qc7 13. Bg2 0-0-0 14. Rhe1 h6 15. Qf2 Nf6 16. Ne5 Bb4 17. Re3 h5 18. a3 Bd6 19. h3 a6 20. Qf3 Bxe5 21. fxe5 Nd5 22. Nxd5 Rxd5 23. c4 Rdd8 24. Qf4 Qe7 25. h4 c5 26. d5 Qd7 27. b3 Kb8 28. Bf3 Qc8 29. Red3 Ka7 30. Kb2 Qa8 31. dxe6 Bxf3 32. Rd7+ Rxd7 33. Rxd7+ Bb7 34. exf7 Qc8 35. e6 Qc6 36. Rd6 Qg2+ 37. Rd2 Qg1 38. e7 1-0

[Event "Andorra op 34th"]
[Site "Escaldes"]
[Date "2016.08.04"]
[Round "2"]
[White "Aubry, Yannis"]
[Black "Ben Abed, Mehdi"]
[Result "0-1"]
[WhiteElo "2269"]
[BlackElo "2088"]
[PlyCount "94"]
[EventDate "2016.08.03"]
[EventType "swiss"]
[EventRounds "9"]
[EventCountry "AND"]
[SourceTitle "CBM 173 Extra"]
[Source "ChessBase"]
[SourceDate "2016.08.29"]
[SourceVersion "1"]
[SourceVersionDate "2016.08.29"]
[SourceQuality "1"]

1. d4 Nf6 2. c4 g6 3. f3 Bg7 4. e4 d6 5. Nc3 0-0 6. Nge2 Nbd7 7. Bg5 h6 8. Be3 c5 9. d5 Ne5 10. Ng3 h5 11. Be2 h4 12. Nf1 e6 13. Nd2 exd5 14. cxd5 Bd7 15. a4 a6 16. 0-0 b5 17. axb5 axb5 18. Nxb5 Qb6 19. Na3 Qxb2 20. Qc1 Qb4 21. h3 Nh5 22. Nc2 Qc3 23. Ra3 Rxa3 24. Qxa3 Qxc2 25. f4 Ng3 26. Ba6 Nxf1 27. Bxf1 Qa4 28. Qxa4 Bxa4 29. fxe5 Bxe5 30. Bd3 f6 31. Kf2 Bg3+ 32. Ke2 Rb8 33. Bf2 Bxf2 34. Kxf2 Kf7 35. Nc4 Rd8 36. Ne3 Bd7 37. Nc4 Ke7 38. e5 fxe5 39. Bxg6 Rf8+ 40. Ke1 Bf5 41. Bh5 Be4 42. Ne3 Rb8 43. Be2 Kf6 44. Kf2 Kg5 45. Nc4 Bxd5 46. Nxd6 Rf8+ 47. Ke3 Bxg2 0-1

[Event "Avoine op 31st"]
[Site "Avoine"]
[Date "2016.07.24"]
[Round "2"]
[White "Ben Abed, Mehdi"]
[Black "Molho, Antoine"]
[Result "1-0"]
[WhiteElo "2086"]
[BlackElo "1848"]
[PlyCount "61"]
[EventDate "2016.07.23"]
[EventType "swiss"]
[EventRounds "9"]
[EventCountry "FRA"]
[SourceTitle "CBM 173 Extra"]
[Source "ChessBase"]
[SourceDate "2016.08.29"]
[SourceVersion "1"]
[SourceVersionDate "2016.08.29"]
[SourceQuality "1"]

1. e4 c6 2. d4 d5 3. exd5 cxd5 4. Bd3 Nc6 5. c3 Nf6 6. Bf4 Bg4 7. Nf3 Qb6 8. Qb3 Qxb3 9. axb3 a6 10. b4 Nh5 11. Bg3 Nxg3 12. hxg3 0-0-0 13. Ng5 Be6 14. Rxh7 Rxh7 15. Bxh7 Kd7 16. Bg8 Re8 17. Nd2 g6 18. Ndf3 Nd8 19. Ne5+ Kd6 20. Bxf7 Nxf7 21. Nexf7+ Bxf7 22. Nxf7+ Ke6 23. Ne5 g5 24. Ke2 Bg7 25. Nd3 Kd6 26. Rh1 Rh8 27. Rxh8 Bxh8 28. Kf3 b6 29. Kg4 Bf6 30. Kf5 Kc6 31. Ke6 1-0

[Event "Hauts de Seine-ch"]
[Site "Issy les Moulineaux"]
[Date "2014.05.04"]
[Round "5"]
[White "Travadon, Loic"]
[Black "Ben Abed, Mehdi"]
[Result "1/2-1/2"]
[WhiteElo "1840"]
[BlackElo "2031"]
[PlyCount "82"]
[EventDate "2014.05.04"]
[EventType "swiss"]
[EventRounds "5"]
[EventCountry "FRA"]
[SourceTitle "EXT 2015"]
[Source "ChessBase"]
[SourceDate "2014.11.20"]
[SourceVersion "1"]
[SourceVersionDate "2014.11.20"]
[SourceQuality "1"]

1. d4 Nf6 2. c4 g6 3. Nc3 Bg7 4. e4 d6 5. Nf3 0-0 6. Be2 e5 7. 0-0 Nc6 8. d5 Ne7 9. Ne1 Ne8 10. Nd3 f5 11. Bd2 Nf6 12. f3 f4 13. b4 g5 14. c5 h5 15. Nf2 Kh8 16. a4 Neg8 17. a5 Nh6 18. a6 b6 19. cxd6 cxd6 20. Nb5 g4 21. Qc1 Ne8 22. Nh1 Rf6 23. Qc2 Rg6 24. fxg4 hxg4 25. Rfc1 g3 26. h3 Qh4 27. Qxc8 Rxc8 28. Rxc8 Nf7 29. Rxe8+ Kh7 30. Nxa7 Ng5 31. Bg4 Nxh3+ 32. Bxh3 f3 33. Nc6 f2+ 34. Nxf2 gxf2+ 35. Kf1 Qxe4 36. Kxf2 Qxd5 37. a7 Qxd2+ 38. Kg1 Rxg2+ 39. Bxg2 Qe3+ 40. Kf1 Qd3+ 41. Kf2 Qd2+ 1/2-1/2

[Event "Le Port Marly Paribas blitz op"]
[Site "Le Port Marly"]
[Date "2014.??.??"]
[Round "12"]
[White "Ben Abed, Mehdi"]
[Black "Guliyev, Namig"]
[Result "0-1"]
[WhiteElo "1960"]
[BlackElo "2564"]
[PlyCount "104"]
[EventDate "2014.06.14"]
[EventType "swiss (blitz)"]
[EventRounds "15"]
[EventCountry "FRA"]
[SourceTitle "EXT 2015"]
[Source "ChessBase"]
[SourceDate "2014.11.20"]
[SourceVersion "1"]
[SourceVersionDate "2014.11.20"]
[SourceQuality "1"]

1. e4 c5 2. Nf3 d6 3. d4 cxd4 4. Nxd4 Nf6 5. Nc3 a6 6. Bg5 e6 7. f4 h6 8. Bh4 Qb6 9. Nb3 Qe3+ 10. Qe2 Qxf4 11. Bg3 Qg5 12. Rd1 e5 13. Qd2 Qxd2+ 14. Rxd2 Be6 15. Be2 Nbd7 16. 0-0 Rc8 17. Bf3 Be7 18. Rfd1 g5 19. Nd5 Bxd5 20. exd5 g4 21. Be2 h5 22. c4 Ne4 23. Rd3 f5 24. Nd2 Nxd2 25. R3xd2 a5 26. Bf2 0-0 27. b4 axb4 28. Rb1 Bd8 29. Rdb2 Ba5 30. Be1 Nc5 31. Bxb4 Bxb4 32. Rxb4 Ra8 33. R1b2 Kf7 34. Rb6 Rfd8 35. h3 Kf6 36. hxg4 hxg4 37. R2b5 Kg5 38. Rb2 g3 39. Bd1 Ra3 40. Bb3 e4 41. Kf1 f4 42. Rd2 Kf5 43. Bc2 Ke5 44. Rb2 Rh8 45. Kg1 Rc3 46. Bb3 Rc1+ 47. Rd1 Nxb3 48. Rxc1 Nxc1 49. Rxb7 Ne2+ 50. Kf1 Nc3 51. Re7+ Kd4 52. Re6 Rh1# 0-1

[Event "Le Port Marly Paribas blitz op"]
[Site "Le Port Marly"]
[Date "2014.??.??"]
[Round "2"]
[White "Ider, Borya"]
[Black "Ben Abed, Mehdi"]
[Result "1-0"]
[WhiteElo "2379"]
[BlackElo "1960"]
[PlyCount "53"]
[EventDate "2014.06.14"]
[EventType "swiss (blitz)"]
[EventRounds "15"]
[EventCountry "FRA"]
[SourceTitle "EXT 2015"]
[Source "ChessBase"]
[SourceDate "2014.11.20"]
[SourceVersion "1"]
[SourceVersionDate "2014.11.20"]
[SourceQuality "1"]

1. d4 Nf6 2. c4 g6 3. Nc3 Bg7 4. e4 d6 5. h3 0-0 6. Bg5 h6 7. Be3 e5 8. d5 Nh5 9. Qd2 Kh7 10. Bd3 f5 11. exf5 Bxf5 12. Be4 Nd7 13. Nge2 Bxe4 14. Nxe4 Ndf6 15. N4c3 Nd7 16. 0-0-0 a6 17. g4 Nf4 18. Bxf4 exf4 19. Nxf4 Ne5 20. Ne6 Qf6 21. Nxf8+ Rxf8 22. Qe2 Qxf2 23. Qxf2 Rxf2 24. Rd2 Rf4 25. b3 Nxc4 26. Ne2 Bb2+ 27. Kc2 1-0

[Event "FRA-ch U18"]
[Site "Saint Paul Trois Chateaux"]
[Date "2013.05.02"]
[Round "5"]
[White "Ben Abed, Mehdi"]
[Black "Ronce, Nathan"]
[Result "0-1"]
[WhiteElo "1908"]
[BlackElo "1878"]
[PlyCount "109"]
[EventDate "2013.04.28"]
[EventType "swiss"]
[EventRounds "9"]
[EventCountry "FRA"]
[SourceTitle "CBM 154 Extra"]
[Source "ChessBase"]
[SourceDate "2013.06.25"]
[SourceVersion "2"]
[SourceVersionDate "2013.06.25"]
[SourceQuality "1"]

1. e4 c5 2. Nf3 e6 3. d4 cxd4 4. Nxd4 Nc6 5. Nb3 Nf6 6. Nc3 Bb4 7. Bd3 d5 8. exd5 Nxd5 9. Bd2 Bxc3 10. bxc3 Qf6 11. Nd4 Nf4 12. Nxc6 Nxd3+ 13. cxd3 bxc6 14. 0-0 0-0 15. Qa4 e5 16. f4 Qg6 17. fxe5 Qxd3 18. Qd4 Rd8 19. Qxd3 Rxd3 20. Be1 Ba6 21. Rf3 Rd5 22. Re3 Bc4 23. Bf2 Rd2 24. Ree1 a5 25. Red1 Rxd1+ 26. Rxd1 Bxa2 27. Bb6 a4 28. Rd8+ Rxd8 29. Bxd8 Kf8 30. Kf2 Bd5 31. Ba5 Ke7 32. Ke3 Bxg2 33. h4 Ke6 34. Kf4 a3 35. c4 Bf1 36. c5 Kd5 37. Bc3 Kxc5 38. e6 fxe6 39. Bxg7 Kc4 40. Ke3 Kb3 41. Kd2 Kc4 42. Ke3 Kd5 43. Kf4 c5 44. Bf6 Kc4 45. Ke3 Kb3 46. Kd2 c4 47. Bg7 Kb4 48. Bf6 Bd3 49. Bg7 a2 50. Bf6 Kc5 51. Ke3 Kd5 52. Kf4 Bf5 53. Bg7 c3 54. Bxc3 Kc4 55. Bg7 0-1

[Event "FRA-ch U18"]
[Site "Saint Paul Trois Chateaux"]
[Date "2013.04.30"]
[Round "3"]
[White "Ben Abed, Mehdi"]
[Black "Feryn, Benjamin"]
[Result "1-0"]
[WhiteElo "1908"]
[BlackElo "2114"]
[PlyCount "37"]
[EventDate "2013.04.28"]
[EventType "swiss"]
[EventRounds "9"]
[EventCountry "FRA"]
[SourceTitle "CBM 154 Extra"]
[Source "ChessBase"]
[SourceDate "2013.06.25"]
[SourceVersion "2"]
[SourceVersionDate "2013.06.25"]
[SourceQuality "1"]

1. e4 e5 2. Nf3 Nc6 3. Nc3 Nf6 4. d4 exd4 5. Nxd4 Bb4 6. Nxc6 bxc6 7. Bd3 Bxc3+ 8. bxc3 d5 9. exd5 cxd5 10. Ba3 Be6 11. Bb5+ Nd7 12. Bc6 Rb8 13. 0-0 Qg5 14. Re1 Kd8 15. c4 Re8 16. cxd5 Bg4 17. Qd4 Bf3 18. g3 Qg4 19. Rxe8+ 1-0

[Event "FRA-ch U18"]
[Site "Saint Paul Trois Chateaux"]
[Date "2013.04.29"]
[Round "2"]
[White "Aubry, Yannis"]
[Black "Ben Abed, Mehdi"]
[Result "0-1"]
[WhiteElo "2138"]
[BlackElo "1908"]
[PlyCount "88"]
[EventDate "2013.04.28"]
[EventType "swiss"]
[EventRounds "9"]
[EventCountry "FRA"]
[SourceTitle "CBM 154 Extra"]
[Source "ChessBase"]
[SourceDate "2013.06.25"]
[SourceVersion "2"]
[SourceVersionDate "2013.06.25"]
[SourceQuality "1"]

1. Nf3 Nf6 2. d4 g6 3. b4 Bg7 4. Bb2 0-0 5. e3 d6 6. Be2 c6 7. c4 e5 8. 0-0 Re8 9. dxe5 Ng4 10. Qb3 Nxe5 11. Nxe5 dxe5 12. Rd1 Qe7 13. Nd2 Nd7 14. Ne4 Nf6 15. Nd6 Rd8 16. Nxc8 Raxc8 17. a3 h5 18. Qc2 e4 19. h3 Rc7 20. Rxd8+ Qxd8 21. Bd4 Rd7 22. Bf1 a6 23. b5 c5 24. Bxc5 Rd2 25. Qc1 Ng4 26. hxg4 Bxa1 27. Qxa1 Rd1 28. Qd4 Rxd4 29. exd4 axb5 30. cxb5 b6 31. Bb4 Qxd4 32. gxh5 gxh5 33. g3 f5 34. Kg2 h4 35. gxh4 Qg7+ 36. Kh2 Qg4 37. Bc3 Qxh4+ 38. Kg1 Qg4+ 39. Kh2 Qf4+ 40. Kg1 e3 41. Be1 Qg5+ 42. Kh2 Qh5+ 43. Kg1 Qg4+ 44. Kh2 Qd1 0-1